The Weeknd - Hurry Up Tomorrow Tracklist - Statistics

General Stats
  • This quiz has been taken 1,630 times
  • The average score is 18 of 22
Answer Stats
Album Answer % Correct
Hurry Up Tomorrow São Paulo
95%
Hurry Up Tomorrow Cry For Me
93%
Hurry Up Tomorrow Hurry Up Tomorrow
93%
Hurry Up Tomorrow Wake Me Up
93%
Hurry Up Tomorrow Open Hearts
89%
Hurry Up Tomorrow The Abyss
88%
Hurry Up Tomorrow Baptized In Fear
87%
Hurry Up Tomorrow I Can't Fucking Sing
87%
Hurry Up Tomorrow Timeless
87%
Hurry Up Tomorrow Niagara Falls
83%
Hurry Up Tomorrow Red Terror
82%
Hurry Up Tomorrow Reflections Laughing
82%
Hurry Up Tomorrow Take Me Back To LA
82%
Hurry Up Tomorrow Drive
81%
Hurry Up Tomorrow Opening Night
77%
Hurry Up Tomorrow Big Sleep
76%
Hurry Up Tomorrow Until We're Skin & Bones
76%
Hurry Up Tomorrow Enjoy The Show
75%
Hurry Up Tomorrow Without A Warning
75%
Hurry Up Tomorrow Given Up On Me
74%
Hurry Up Tomorrow I Can't Wait To Get There
72%
Hurry Up Tomorrow Give Me Mercy
71%
No matching quizzes found
Score Distribution
Percent of People with Each Score
Percentile by Number Answered
Your Score History
You have not taken this quiz